00310nam a2200133Ia 4500008004100000020001500041041001200056082001600068100001600084245002800100260002500128300000800153650001500161221030s9999 xx 000 0 und d a8120316894 aEnglish a105.23bSmi aG. F. Smith 0aQuality Problem Solving bPHIaNew Delhic2000 a322 aManagement